000 00778nab a2200241 u 4500
001 17693
003 HDC
007 cr bn ---aaaaa
008 210225c mydr|noo 0 a may d
040 _aHDC
245 0 _aPengusaha Makanan Halal Perlu Rebut Dana Yang Disediakan Kerajaan
260 _aMalaysia :
_bBernama,
_c2002
336 _atext
_2rdacontent
337 _acomputer
_2rdamedia
338 _aonline resource
_2rdacarrier
650 _afood entrepreneur
_914379
650 _afunding money
_98429
710 _aBernama
856 _zRequest full-text at [email protected]
942 _2lcc
942 _cNEWS
942 _kNWSO 008736
999 _c15009
_d15009